<?xml version="1.0" encoding="UTF-8"?>
<record
    xmlns:xsi="http://www.w3.org/2001/XMLSchema-instance"
    xsi:schemaLocation="http://www.loc.gov/MARC21/slim http://www.loc.gov/standards/marcxml/schema/MARC21slim.xsd"
    xmlns="http://www.loc.gov/MARC21/slim">

  <leader>00647cam a2200169 a 4500</leader>
  <controlfield tag="001">14958181</controlfield>
  <controlfield tag="005">20240220060117.0</controlfield>
  <controlfield tag="008">070809s2007    np       b    100 0 eng  </controlfield>
  <datafield tag="040" ind1=" " ind2=" ">
    <subfield code="a">DLC</subfield>
    <subfield code="c">DLC</subfield>
  </datafield>
  <datafield tag="082" ind1=" " ind2=" ">
    <subfield code="2">22</subfield>
    <subfield code="a">320.9.</subfield>
    <subfield code="b">SOU.</subfield>
  </datafield>
  <datafield tag="245" ind1="1" ind2="0">
    <subfield code="a">South Asian peoples development agenda :</subfield>
    <subfield code="b">thematic commissions report : South Asian Peoples Summit, 2005 /</subfield>
    <subfield code="c">edited by Anand Aditya and Prakash Shrestha.</subfield>
  </datafield>
  <datafield tag="260" ind1=" " ind2=" ">
    <subfield code="a">Lalitpur :</subfield>
    <subfield code="b">South Asia Partnership International ;</subfield>
    <subfield code="a">New Delhi :</subfield>
    <subfield code="b">South Asian Network for Social &amp; Agricultural Development,</subfield>
    <subfield code="c">2005,</subfield>
  </datafield>
  <datafield tag="300" ind1=" " ind2=" ">
    <subfield code="a">350 p. ;</subfield>
  </datafield>
  <datafield tag="700" ind1="1" ind2=" ">
    <subfield code="a">Aditya, Anand.</subfield>
    <subfield code="e">edt</subfield>
  </datafield>
  <datafield tag="700" ind1="1" ind2=" ">
    <subfield code="a">Shrestha, Prakash.</subfield>
    <subfield code="e">edt</subfield>
  </datafield>
  <datafield tag="942" ind1=" " ind2=" ">
    <subfield code="c">L</subfield>
  </datafield>
  <datafield tag="952" ind1=" " ind2=" ">
    <subfield code="0">0</subfield>
    <subfield code="1">0</subfield>
    <subfield code="4">0</subfield>
    <subfield code="7">0</subfield>
    <subfield code="8">L</subfield>
    <subfield code="a">WERCL</subfield>
    <subfield code="b">WERCL</subfield>
    <subfield code="d">2024-02-20</subfield>
    <subfield code="l">0</subfield>
    <subfield code="o">320.9. SOU.</subfield>
    <subfield code="p">5963</subfield>
    <subfield code="r">2024-02-20</subfield>
    <subfield code="w">2024-02-20</subfield>
    <subfield code="y">L</subfield>
  </datafield>
  <datafield tag="999" ind1=" " ind2=" ">
    <subfield code="c">438</subfield>
    <subfield code="d">438</subfield>
  </datafield>
</record>
